Who Has More People? - Statistics

General Stats
  • This quiz has been taken 33 times
    24 since last reset
  • The average score is 5 of 15
Answer Stats
Question Answer % Correct
Who has more people? Java
60%
Who has more people? Maryland
60%
Who has more people? Texas
60%
Who has more people? Uganda
60%
Who has more people? Africa
40%
Who has more people? Birmingham (metro)
40%
Who has more people? Ireland (island)
40%
Who has more people? Ontario
40%
Who has more people? Paris (metro)
40%
Who has more people? Niger
20%
Who has more people? North Korea
20%
Who has more people? The Philippines
20%
Who has more people? Wyoming
20%
Who has more people? Scotland
0%
Who has more people? Sudan
0%
No matching quizzes found
Score Distribution
Percent of People with Each Score
Percentile by Number Answered
Your Score History
You have not taken this quiz since the last reset